Manual of industrial microbiology and biotechnology

Uloženo v:
Podrobná bibliografie
Hlavní autoři: Demain, Arnold L (Autor), Solomon, Nadine A (Autor)
Médium: Kniha
Jazyk:angličtina
Vydáno: Washington, D.C American Society for Microbiology 1986
Témata:
Tagy: Přidat tag
Žádné tagy, Buďte první, kdo vytvoří štítek k tomuto záznamu!

MARC

LEADER 00000nam a2200000 a 4500
001 UCP0483
003 CL-VaPUC
008 990313e19860000US |||||||||||||||||eng|d
082 0 4 |a 660.6  |b DEM  |2 21 
100 0 |a Demain, Arnold L  |e author  |9 425793 
700 0 |a Solomon, Nadine A  |e author  |9 425794 
245 1 0 |a Manual of industrial microbiology and biotechnology 
300 |a 466 p 
942 |c BK 
945 |d 19990313 00:00:00  |a aarredon 
260 |a Washington, D.C  |b American Society for Microbiology  |c 1986 
650 7 |a MICROBIOLOGIA INDUSTRIAL  |2 CL-VaPUC  |9 262989 
650 0 |a Biotecnología   |9 259561 
650 0 |a Enzimas  |9 262984 
650 0 |a Fermentación  |9 259565 
650 0 |a Aplicaciones industriales  |9 259363 
650 0 |a Manuales  |9 257144 
583 |a last modification  |c 19990313 00:00:00  |k Rodrigo Vera 
999 |c 279259  |d 279257 
952 |0 0  |1 0  |4 0  |6 660_600000000000000_DEM_1986  |7 0  |8 A  |9 318242  |a BIBING  |b BIBING  |d 2019-11-20  |i 3503615  |o 660.6 DEM 1986  |p 3503615  |r 2025-01-20  |w 2019-11-20  |y BK  |k EIB